Estimation of genetic value applied to early selection in Hevea brasiliensis (Record no. 58827)
[ view plain ]
| 000 -LEADER | |
|---|---|
| fixed length control field | 01466nam a2200217Ia 4500 |
| 100 ## - MAIN ENTRY--AUTHOR NAME | |
| Personal name | Clement-Demange A |
| 245 #0 - TITLE STATEMENT | |
| Title | Estimation of genetic value applied to early selection in Hevea brasiliensis |
| 260 ## - PUBLICATION, DISTRIBUTION, ETC. (IMPRINT) | |
| Name of publisher | In Traitements statistiques des essais de selection, 12-14 September 1994, Montpellier, France p 227-242 |
| 500 ## - GENERAL NOTE | |
| General note | Source Year: 1996 |
| 520 ## - SUMMARY, ETC. | |
| Summary, etc | Early selection of Hevea in the Cote dIvoire is in 2 stages designated CES (seedling evaluation field) and CCPE (grafted clone field). It is based on genotypic selection, which is theoretically superior to mass selection, and is described under the following headings: genetic selection of Hevea in the Cote dIvoire; principles of genotypic selection; and analysis of data from CES and CCPE (selection at the level of CES in 1989 (CES89); selection at the level of CES in 1991 (CES91); study of relations between CES and CCPE (the case of CES75; the case of CES81; and the case of CES84). Selection showed some effectiveness for yield but was ineffective for growth in the CES. The results suggested reducing the intensity of selection in the CES and systamatically adopting a family structure for selection in the CCPE. |
| 650 ## - SUBJECT ADDED ENTRY--TOPICAL TERM | |
| Topical Term | Cote dIvoire |
| 650 ## - SUBJECT ADDED ENTRY--TOPICAL TERM | |
| Topical Term | Genotypic selection |
| 650 ## - SUBJECT ADDED ENTRY--TOPICAL TERM | |
| Topical Term | Hevea brasiliensis |
| 700 ## - ADDED ENTRY--PERSONAL NAME | |
| Personal name | Gnagne M |
| 700 ## - ADDED ENTRY--PERSONAL NAME | |
| Personal name | Legnate H |
| 700 ## - ADDED ENTRY--PERSONAL NAME | |
| Personal name | Nicolas D |
| 700 ## - ADDED ENTRY--PERSONAL NAME | |
| Personal name | Savy Y |
| 856 ## - ELECTRONIC LOCATION AND ACCESS | |
| Uniform Resource Identifier | PBA |
| 942 ## - ADDED ENTRY ELEMENTS (KOHA) | |
| Koha item type | Journals |
| Withdrawn status | Lost status | Damaged status | Not for loan | Home library | Current library | Shelving location | Date acquired | Koha item type |
|---|---|---|---|---|---|---|---|---|
| Journals | RRII Library | RRII Library | Botany | 17/12/2021 | Journals |